Business policy and strategy (Record no. 84964)

MARC details
000 -LEADER
fixed length control field 00470nam a2200193Ia 4500
008 - FIXED-LENGTH DATA ELEMENTS--GENERAL INFORMATION
fixed length control field 230125s9999 xx 000 0 und d
041 ## - LANGUAGE CODE
Language code of text/sound track or separate title eng
082 ## - DEWEY DECIMAL CLASSIFICATION NUMBER
Classification number 658.4012
Item number PRA
100 ## - MAIN ENTRY--PERSONAL NAME
Personal name Prasad L M
9 (RLIN) 108140
245 ## - TITLE STATEMENT
Title Business policy and strategy
250 ## - EDITION STATEMENT
Edition statement 2nd ed
260 ## - PUBLICATION, DISTRIBUTION, ETC. (IMPRINT)
Date of publication, distribution, etc. 1995
Name of publisher, distributor, etc. S. Chand & Company Ltd.
Place of publication, distribution, etc. New Delhi
300 ## - PHYSICAL DESCRIPTION
Extent 392p
500 ## - GENERAL NOTE
Keywords BPSM
500 ## - GENERAL NOTE
Keywords BPSM
650 ## - SUBJECT ADDED ENTRY--TOPICAL TERM
Topical term or geographic name as entry element Management
700 ## - ADDED ENTRY--PERSONAL NAME
Personal name Prasad L M
9 (RLIN) 108140
Holdings
Withdrawn status Lost status Damaged status Not for loan Home library Current library Date acquired Vendor Cost, normal purchase price Total Checkouts Full call number Barcode Date last seen Cost, replacement price Bill Date Koha item type Original Barcode
        Smt. Hiraben Nanavati Institute of Management & Research for Women Smt. Hiraben Nanavati Institute of Management & Research for Women 20/11/1997 Pradeep Book Depot 60.00   658.4012 PRA B00708 HIMR-BK-708 25/01/2023 60.00 20/11/1997 Books B00708